| 000 | 01452nam a22002297a 4500 | ||
|---|---|---|---|
| 999 |
_c867 _d867 |
||
| 003 | AR-CdUCM | ||
| 008 | 190225b ||||| |||| 00| 0 spa d | ||
| 040 |
_aMUNICIPALIDAD PROVINCIAL DEL CUSCO _cBIBLIOTECA MUNICIPAL DEL CUSCO |
||
| 082 |
_a808.83 / _bAL48 |
||
| 100 |
_aAlvarado, Hernán (compilador) _93318 |
||
| 245 |
_aCuentos inolvidables : _bantología de iniciación literaria / |
||
| 260 |
_aLima : _bEdisiones Quipu, _c1986. |
||
| 300 |
_a125 páginas ; _bilustraciones, _c21 cm. |
||
| 505 | _aContenido: orientaciones pedagogicas -- Juan de Timoneda. El campesino y los lacayos - Hans Christian Andersen. El traje nuevo del emperador -- Horacio Quiroga. La gama ciega -- Juan Valera. El espejo de Matsuyama -- Mark Twain. La rana saltarina -- Saul Schkolnik Yo como, tú comes, él come -- Rudyard Kipling. cómo obtuvo el camello su joroba -- Fernan Caballero. La niña de los tres maridos -- Homero. Ulises y los ciclopes -- Marta Brunet. La flor del cobre -- Mijail Zoschenko. Crisis -- Federico Schiller. Guillermo Tell -- Dino Buzzati. La humildad -- Ramon Gomez de la Serna. Gato padre y gato hijo -- Anton Chejov. Una noche de espanto -- Libros para nunca olvidar. | ||
| 650 |
_aCuento infantil _93319 |
||
| 650 |
_aColecciones _9607 |
||
| 650 |
_aComprensión de lectura _93320 |
||
| 650 |
_aCuadernos de trabajo _93321 |
||
| 700 |
_aAmat y León, Consuelo (carátula e ilustraciones) _93322 |
||
| 942 |
_2ddc _cLIBROS |
||
| 945 | _azta | ||